Hague on leasehold enfranchisement (Record no. 112236)

MARC details
000 -LEADER
fixed length control field 00939cam a22003015a 4500
001 - CONTROL NUMBER
control field E152863
008 - FIXED-LENGTH DATA ELEMENTS--GENERAL INFORMATION
fixed length control field 110509s2012 xxk f 000 0 eng u
020 ## - INTERNATIONAL STANDARD BOOK NUMBER
International Standard Book Number 9780414024267
035 ## - SYSTEM CONTROL NUMBER
System control number (Sirsi) u152863
041 0# - LANGUAGE CODE
Language code of text/sound track or separate title eng
050 04 - LIBRARY OF CONGRESS CALL NUMBER
Classification number 346.4104346 $2 18
100 1# - MAIN ENTRY--PERSONAL NAME
Personal name Radevsky, Anthony
245 00 - TITLE STATEMENT
Title Hague on leasehold enfranchisement
Remainder of title second supplement to the fifth edition
250 ## - EDITION STATEMENT
Edition statement 5th ed.
260 ## - PUBLICATION, DISTRIBUTION, ETC.
Place of publication, distribution, etc. London
Name of publisher, distributor, etc. Sweet and Maxwell
Date of publication, distribution, etc. 2011
300 ## - PHYSICAL DESCRIPTION
Extent xx, 263p.
Dimensions 24 cm.
520 ## - SUMMARY, ETC.
Summary, etc. Updates the fifth edition to 16 November 2012
521 ## - TARGET AUDIENCE NOTE
Target audience note Advanced
650 24 - SUBJECT ADDED ENTRY--TOPICAL TERM
Topical term or geographic name entry element LEASEHOLD REFORM ACT 1967
650 24 - SUBJECT ADDED ENTRY--TOPICAL TERM
Topical term or geographic name entry element LEASEHOLD REFORM ACT 1976
650 24 - SUBJECT ADDED ENTRY--TOPICAL TERM
Topical term or geographic name entry element LEASEHOLD REFORM, HOUSING AND URBAN DEVELOPMENT ACT 1993
650 24 - SUBJECT ADDED ENTRY--TOPICAL TERM
Topical term or geographic name entry element EARL CADOGAN V SPORTELLI
651 #4 - SUBJECT ADDED ENTRY--GEOGRAPHIC NAME
Geographic name United Kingdom
Chronological subdivision
690 ## - LOCAL SUBJECT ADDED ENTRY--TOPICAL TERM (OCLC, RLIN)
Topical term or geographic name as entry element PROPERTY-LANDLORD AND TENANT-LEASES-LEASEHOLD ENFRANCHISEMENT
700 1# - ADDED ENTRY--PERSONAL NAME
Personal name Greenish, Damian
942 ## - ADDED ENTRY ELEMENTS (KOHA)
Suppress in OPAC 0

No items available.